00476nam a2200193Ia 4500003000900000008004100009040001300050040001300063041000800076041000800084100002100092245006700113250000900180260001800189260000900207300000800216490000600224600005200230IT-RoPAU120407s9999 xx 000 0 und d aIT-RoPAU cIT-RoPAU aita bgre aJacques Maritain a“Approches sans entraves”. Scritti di filosofia cristiana. aRoma aCittà Nuova c1977 c cm v1 a"1° v. 317 p. 20 cm. 2° v. 404 p. 20 cm."